|
|
|
|
| LEADER |
01007nam a2200277 a 4500 |
| 001 |
464 |
| 003 |
BD-DhAAL |
| 005 |
20150216124425.0 |
| 008 |
150216s1995 enka b 001 0 eng |
| 010 |
|
|
|a 95018119
|
| 020 |
|
|
|a 058227804X
|
| 040 |
|
|
|a DLC
|c DLC
|d DLC
|d BD-DhAAL
|
| 050 |
0 |
0 |
|a HM251
|b .S67164 1995
|
| 082 |
0 |
0 |
|a 302
|2 20
|
| 245 |
0 |
0 |
|a Social psychology /
|c edited by Michael Argyle and Andrew M. Colman.
|
| 260 |
|
|
|a London ;
|a New York :
|b Longman,
|c 1995.
|
| 300 |
|
|
|a xv, 110 p. :
|b ill. ;
|c 24 cm.
|
| 490 |
|
|
|a Longman essential psychology
|
| 504 |
|
|
|a Includes bibliographical references and index.
|
| 541 |
|
|
|e 464
|
| 650 |
|
0 |
|a Social psychology.
|9 5693
|
| 700 |
1 |
|
|a Argyle, Michael.
|9 8490
|
| 700 |
1 |
|
|a Colman, Andrew M.
|9 8491
|
| 942 |
|
|
|2 ddc
|c BK
|
| 999 |
|
|
|c 33715
|d 33715
|
| 952 |
|
|
|0 0
|1 0
|2 ddc
|4 0
|6 302_000000000000000_SOC
|7 0
|9 52655
|a SCL
|b SCL
|c GEN
|d 2015-02-16
|g 1163.00
|l 0
|o 302 SOC
|p 3020000464
|r 2015-02-16
|t 1
|w 2015-02-16
|y BK
|x 'The mentioned price is BDT conversion, actual price was US14.95'
|